000 00661nam a22001817a 4500
005 20240410072059.0
008 130821s1959 enk gr eng
040 _aCo-BoUCM
_bspa
_cDavid Moreno (modificó)
_dDavid Moreno (modificó)
041 0 0 _aeng
100 1 _aBamm, Peter
_9148465
245 1 4 _aThe Kingdoms of Christ The Story of the Early Church
_cPeter Bamm
260 _aLondres (Inglaterra)
_bThames and Hudson
_c1959
300 _a367 Páginas
_bilustraciones
600 1 _aJesucristo
_vBiografías
_91987
610 1 _aIglesia Católica
_xHistoria
_936300
942 _cLIBRO
_a4
_e1
_mB15k
_n0
_2DEWEY
_h232.9
999 _c87516
_d87516